000 00505nam a2200145Ia 4500
008 090124s9999 xx 000 0 und d
082 _b401638
245 _a विज्ञानाचे वाटाडे भाग 4 था
250 _a1
260 _bमथुरे सुरेश
_c1984
300 _a69+1
630 _a विज्ञानाचे वाटाडे भाग 4 था
730 _a विज्ञानाचे वाटाडे भाग 4 था
942 _cBOOK
999 _c198022
_d198022